01643 a2200193 45000010006000000050017000060080041000230030015000640400040000790800109001192450041002280200018002692640030002873000019003175051037003361000024013737000031013977000021014285439820260407155817.0260407a1997 arg spa dAR-UNSa-BCEJYS aAR-UNSa-BCEJYSbspacAR-UNSa-BCEJYS a327xRelaciones internacionales. Política internacional. Asuntos internacionales. Política exterior 10aEl extremismo político en Alemania a84-7432-637-0 1aBarcelona :bGedisac1997 a356 p.c20 cm. a1. El desempleo y los éxitos electorales del nacionalsocialismo – 2. ¿”Propensión” de los empleados – “Inmunidad” de los obreros? Mitos sobre los votantes del NSDAP – 3. ¿Fue el NSDAP el primer partido popular alemán? – 4. Los “caídos de marzo” de 1933. Nuevos resultados de la investigación sobre el cambio social en el NSDAP como consecuencia de la “toma del poder” – 5. La hipótesis de la historia. ¿Cuántos nacionalsocialismos convencidos hubo? – 6. Viejas y nuevas orientaciones de los partidos: las elecciones federales de 1949. Entre la continuidad y un nuevo comienzo – 7. La base popular de la extrema derecha en Europa: un análisis comparativo – 8. Conflictos políticos, comportamiento electoral y estructura de la competencia partidista – 9. Los votantes del PDS en las elecciones federales de 1994. Entre la ideología, la nostalgia y la protesta – 10. Siglas de los partidos políticos – 11. Títulos de los originales alemanes y lugar de su publicación. 1 aFalter, Jürgen W.1 aGarzón Valdés, Ernesto1 aZimmerling, Ruth